উচ্চতৰ মাধ্য়মিক শিক্ষা (Record no. 16400)

MARC details
000 -LEADER
fixed length control field 00540nam a22001937a 4500
008 - FIXED-LENGTH DATA ELEMENTS--GENERAL INFORMATION
fixed length control field 260422b |||||||| |||| 00| 0 eng d
020 ## - INTERNATIONAL STANDARD BOOK NUMBER
International Standard Book Number 978-81-910983-2-7
040 ## - CATALOGING SOURCE
Original Cataloguing agency Sibsagar Commerce College Central Library
041 ## - LANGUAGE CODE
Language code of text/sound track or separate title Assamese
082 ## - DEWEY DECIMAL CLASSIFICATION NUMBER
Classification number 373.26
Book Number SAI.
100 ## - MAIN ENTRY--PERSONAL NAME
Personal name Saikia, Tarun
Dates associated with a name Saikia, Runu Borah
245 ## - TITLE STATEMENT
Title উচ্চতৰ মাধ্য়মিক শিক্ষা
Statement of responsibility, etc. By Tarun Saikia
250 ## - EDITION STATEMENT
Edition statement 20th revised ed.
260 ## - PUBLICATION, DISTRIBUTION, ETC.
Place of publication, distribution, etc. Jorhat:
Name of publisher, distributor, etc. Bidya Bhawan
Date of publication, distribution, etc. 2025
300 ## - PHYSICAL DESCRIPTION
Pages 355p.
650 ## - Subject
Subject Education
942 ## - ADDED ENTRY ELEMENTS (KOHA)
Source of classification or shelving scheme Dewey Decimal Classification
Koha item type Books
Holdings
Withdrawn status Lost status Source of classification or shelving scheme Damaged status Not for loan Collection code Home library Current library Shelving location Date acquired Source of acquisition Total Checkouts Full call number Barcode Date last seen Copy number Cost, replacement price Price effective from Koha item type
    Dewey Decimal Classification     Education Sibsagar Commerce College Central Library Sibsagar Commerce College Central Library General Stacks 22/04/2026 Kitap Ghar   373.26 SAI. 29322 22/04/2026 1 880.00 22/04/2026 Books
    Dewey Decimal Classification     Education Sibsagar Commerce College Central Library Sibsagar Commerce College Central Library General Stacks 22/04/2026 Kitap Ghar   373.26 SAI. 29323 22/04/2026 2 880.00 22/04/2026 Books
    Dewey Decimal Classification     Education Sibsagar Commerce College Central Library Sibsagar Commerce College Central Library General Stacks 22/04/2026 Kitap Ghar   373.26 SAI. 29324 22/04/2026 3 880.00 22/04/2026 Books
    Dewey Decimal Classification     Education Sibsagar Commerce College Central Library Sibsagar Commerce College Central Library General Stacks 22/04/2026 Kitap Ghar   373.26 SAI. 29325 22/04/2026 4 880.00 22/04/2026 Books


Sibsagar Commerce College © 2020. All rights reserved.
Powered by Koha.
Hosted by LIBKART.